| 000 | 00720cab a22001935a 4500 | ||
|---|---|---|---|
| 001 | L147299 | ||
| 008 | 090427e20090424xxkad f 000 0 eng d | ||
| 035 | _a(Sirsi) u147299 | ||
| 041 | 0 | _aeng | |
| 100 | 1 | _aUnger, Paul | |
| 245 | 0 | 0 |
_aRegional report _bMerseyside |
| 260 | _c2009 | ||
| 490 | 0 |
_aProperty Week _v75(17) 24 April 2009, 67-76( 7) |
|
| 520 | _aReports on news and deals from around the region. Reveals that Liverpool is set to get modern court facilities. Explains that developers are claiming that planning guidelines for Liverpool's historic docks are holding back growth. | ||
| 590 | _aKA | ||
| 651 | 4 | _aLiverpool | |
| 690 | _aPROPERTY-COMMERCIAL PROPERTY-COMMERCIAL PROPERTY MARKET | ||
| 942 | _n0 | ||
| 999 |
_c81474 _d81474 |
||